| 000 | 01552nam a2200289Ia 4500 | ||
|---|---|---|---|
| 999 |
_c5852 _d5852 |
||
| 003 | OSt | ||
| 005 | 20200513115907.0 | ||
| 008 | 191128s2009 ck ad gr 000 0dspa d | ||
| 020 | _a9789587380477 | ||
| 040 |
_aCO-JMCR _cCO-JMCR |
||
| 041 | 0 | _aspa | |
| 082 | 0 | 4 |
_a307 .1416 / _bS348b _223 |
| 100 | 1 |
_aSilva Nigrinis, Alicia Eugenia, _eautora _94245 |
|
| 245 | 1 | 0 |
_aBogotá, de la construcción al deterioro : _b1995-2007 / _cAlicia Eugenia Silva Nigrinis, Federico Pérez Fernández, Francisco Ruiz Perdonard, Tomás Martín Jiménez |
| 250 | _aPrimera edición | ||
| 260 |
_aBogotá : _bUniversidad del Rosario, _c2009 |
||
| 300 |
_a181 páginas : _bgráficos ; _c24 cm. |
||
| 504 | _aIncluye bibliografía. | ||
| 505 | _aLos problemas del gobierno de Bogotá -- Cultura ciudadana como innovación en política pública: la primera administración de Antanas Mockus (1995-1997) -- La ciudad para la gente: la administración de Enrique Peñalosa (1998-2000) -- Construir sobre lo cons | ||
| 520 | _aEste libro estudia comparativamente las principales políticas públicas que se aplicaron en Bogotá en las alcaldías de Antana Mockus, Enrique Peñalosa, la segunda de Antanas Mockus y luis Eduardo Garzón. | ||
| 650 | 1 | 4 |
_aDesarrollo urbano _zBogotá (Colombia) _94246 |
| 650 | 2 | 4 |
_aSociología urbana Rehabilitación urbana _zBogotá (Colombia) _94247 |
| 700 | 1 |
_aPérez Fernández, Federico, _eautor _94248 |
|
| 700 | 1 |
_aRuiz Perdonard, Francisco, _eautor _94249 |
|
| 700 | 1 |
_aMartín Jiménez, Tomás, _eautor _94250 |
|
| 942 |
_2ddc _cBK |
||